Central Library OPAC University of Rajshahi

Mining labour code : (Record no. 47520)

MARC details
000 -LEADER
fixed length control field 00865cam a22002771 4500
001 - CONTROL NUMBER
control field 47520
003 - CONTROL NUMBER IDENTIFIER
rucl marc code BD-RjUL
005 - DATE AND TIME OF LATEST TRANSACTION
control field 20211209054332.0
008 - FIXED-LENGTH DATA ELEMENTS--GENERAL INFORMATION
fixed length control field 160810s1960 pk k 000 0 eng
035 ## - SYSTEM CONTROL NUMBER
System control number (BD-RjUL)47639
System control number (BD-RjUL)
040 ## - CATALOGING SOURCE
Original cataloging agency DLC
Transcribing agency CLU
Modifying agency CLU
-- BD-RjUL
Language of cataloging eng
041 ## - LANGUAGE CODE
Language code of text/sound track or separate title eng
082 ## - DEWEY DECIMAL CLASSIFICATION NUMBER
Classification number 343.549077
Author mark and year MIN 1960
100 ## - MAIN ENTRY--PERSONAL NAME
Personal name Shafi, M.
9 (RLIN) 161743
245 10 - TITLE STATEMENT
Title Mining labour code :
Remainder of title Amended upto 30th September 1960 /
Statement of responsibility, etc. M. Shafi
250 ## - EDITION STATEMENT
Edition statement 1960 ed.
260 ## - PUBLICATION, DISTRIBUTION, ETC. (IMPRINT)
Place of publication, distribution, etc. Karachi :
Name of publisher, distributor, etc. Bureau of Labour Publications,
Date of publication, distribution, etc. 1960.
300 ## - PHYSICAL DESCRIPTION
Pagination 200 p.:
Illustrations forms;
Size 25 cm.
500 ## - GENERAL NOTE
General note "Laws, ordinances and rules regulating labour in mines."
650 #0 - SUBJECT ADDED ENTRY--TOPICAL TERM
Topical term or geographic name as entry element Labor laws and legislation
Geographic subdivision Pakistan.
9 (RLIN) 144476
Topical term or geographic name as entry element Miners
Geographic subdivision Pakistan.
9 (RLIN) 161744
Topical term or geographic name as entry element Mining law
Geographic subdivision Pakistan
9 (RLIN) 157589
942 ## - ADDED ENTRY ELEMENTS (KOHA)
Source of classification or shelving scheme Dewey Decimal Classification
Koha item type Books
Holdings
Lost status Source of classification or shelving scheme Damaged status Not for loan Collection code Permanent Location Current Location Shelving location Date acquired Source of acquisition Cost, normal purchase price Total Checkouts Full call number Date last seen Copy number Koha item type
  Dewey Decimal Classification   Not For Loan Non-fiction Central Library, University of Rajshahi Central Library, University of Rajshahi Reading Room 23/05/1967 Pak.Ameican co. 14.00   343.549077 SHM 1960 09/08/2016 C-1 Books